Statistics for Factors of 4500

Click here to take the quiz!

General Stats

  • This quiz has been taken 21 times
  • The average score is 31 of 36

Answer Stats

Answer% Correct
1
100%
10
100%
12
100%
15
100%
18
100%
2
100%
20
100%
25
100%
3
100%
30
100%
4
100%
45
100%
5
100%
50
100%
6
100%
9
100%
225
94%
100
88%
150
88%
36
88%
450
88%
60
88%
90
88%
250
82%
4500
82%
500
82%
75
82%
125
76%
2250
76%
300
71%
900
65%
1500
59%
180
59%
750
59%
1125
53%
375
47%

Score Distribution

Percentile by Number Answered

Percent of People with Each Score

Your Score History

You have not taken this quiz